| 000 | 00970nam a22002537a 4500 | ||
|---|---|---|---|
| 001 | 30550 | ||
| 003 | UA-OsUOA | ||
| 005 | 20211001151111.0 | ||
| 007 | ta | ||
| 008 | 20041111b un ||||| |||| 00| 0 ukr d | ||
| 040 |
_aUA-OsUOA _brus _cUA-OsUOA _dUA-OsUOA |
||
| 041 | _arus | ||
| 044 | _aRU | ||
| 080 | _a82.09(73) | ||
| 090 |
_a82.09(73) _bП18 |
||
| 100 | _aПаррингтон В. А. | ||
| 245 |
_aОсновные течения американской мысли. Американская литература со времени ее возникновения до 1920 года: в 3 т. _cВ. А. Паррингтон ; ред. В. Маликов ; пер. с англ. В. Воронин, В. Тархов |
||
| 260 |
_aМосква _bИзд-во иностр. лит-ры _c1962 |
||
| 300 | _a527 с. | ||
| 505 |
_gт. 1 _tСистема взглядов колониального периода |
||
| 650 | 7 | _2UDC | |
| 942 |
_cBK _2udc |
||
| 955 | _a0 | ||
| 999 |
_c316963 _d316963 |
||